00476nam a2200205Ia 4500008004100000020001800041050001400059100001800073245003000091245001800121260001500139260001600154260000900170300001600179300002700195300001000222440002400232440000600256500000800262170918s9999 xx 000 0 und d a9780439650731 bL691 2003 aL'Homme, Eric 4aThe mystery of Lord Sha / cErik L'Homme. aNew York : bScholastic, c2003 a248 pages : bcolored illustration ; c19cm. aBook of the stars ; v2 a900